000 00968nas a2200289 4500
001 BR2021000316
003 BR-BrBNA
005 20231205132142.0
007 ta
008 230509b bl.|||p| |||| 00| 00por d
040 _aBR-BrBNA
_bpor
_cBiblioteca Nacional de Agricultura
041 _a(Pt)
072 _aK10
100 1 _aAlves, E.G.
100 1 _aFiedler, N.C.
100 1 _aGonçalves, E.O.
100 1 _aBerude, L.C.
245 1 _aAnálise comparativa da colheita florestal em regime de manejo de alto fuste e talhadia
650 _aREBROTA
650 _aEXTRAÇÃO DA MADEIRA
650 _aEUCALIPTO
773 0 _tNativa. Pesquisas Agrárias e Ambientais (Brazil)
_xISSN 2318-7670
_g(May-Jun 2018), v. 6(3) p. 288-292
_wBR2021000316
856 4 0 _uhttps://periodicoscientificos.ufmt.br/ojs/index.php/nativa/article/view/4692/4655
856 4 0 _dLink DSPACE/MAPA BR2021000316
909 _a202311
_bLúcia
_c55
_dLúcia Elande
942 _2AGRIS
_n0
_cANA
999 _c258769
_d258769